000
00208 a2200097 4500
001
56627
100
_a
245
_a
Science aur jehane naw
260
_a
Lahore
_b
Feroz Sons Ltd
_c
1992
090
_c
34848
_d
34848
942
_a
NUST-CAE
_c
_c
27611
999
_c
291700
_d
291700